000 00944nas a2200301 4500
001 BR2019001935
003 BR-BrBNA
005 20231205132011.0
007 ta
008 230509b bl.|||p| |||| 00| 00por d
040 _aBR-BrBNA
_bpor
_cBiblioteca Nacional de Agricultura
041 _a(En)
072 _aF60
100 1 _aArantes, A. de M.
100 1 _aDonato, S.L.R.
100 1 _aSiqueira, D.L. de
100 1 _aCoelho, E.F.
100 1 _aSilva, T.S.
245 1 _aGas exchange in different varietis of banana prata in semi-arid environment
650 _aBANANA PRATA
650 _aVARIEDADE
650 _aTROCA GASOSA
650 _aFISIOLOGIA VEGETAL
773 0 _tRevista Brasileira de Fruticultura (Brazil)
_xISSN 1806-9967
_g(2016), v. 38(2) p. 1-12
_wBR2019001935
856 4 0 _uhttp://www.scielo.br/pdf/rbf/v38n2/0100-2945-rbf-38-2-e-600.pdf
909 _a202311
_bLúcia
_c55
_dLúcia Elande
942 _2AGRIS
_n0
_cANA
999 _c257900
_d257900